Guía para la elaboración de ensayos de diagnóstico en campo a transformadores eléctricos de potencia
Guardado en:
| Hovedforfatter: | |
|---|---|
| Andre forfattere: | |
| Format: | Bog |
| Sprog: | Spanish |
| Udgivet: |
[San José, Costa Rica]
2010
|
| Fag: | |
| Tags: |
Tilføj Tag
Ingen Tags, Vær først til at tagge denne postø!
|
MARC
| LEADER | 00000nam a2200000Ia 4500 | ||
|---|---|---|---|
| 003 | 010059 | ||
| 005 | 20240404131900.0 | ||
| 008 | 140114s2010 cr a 000 ||spa d | ||
| 040 | |c cru CEDI | ||
| 090 | |a TFG 6229 | ||
| 100 | |a Sánchez Chavarría, Leonardo, 1983- |9 2895 | ||
| 245 | |a Guía para la elaboración de ensayos de diagnóstico en campo a transformadores eléctricos de potencia | ||
| 260 | |a [San José, Costa Rica] |c 2010 | ||
| 500 | |a Proyecto de graduación (bachillerato en ingeniería eléctrica). Universidad de Costa Rica. Facultad de Ingeniería. Escuela de Ingeniería Eléctrica | ||
| 501 | |a Profesor Guía IE-0502 Proyecto Eléctrico de Graduación: Ing. Álvaro Peñaranda Contreras | ||
| 650 | |x TRANSFORMADORES ELECTRICOS |x DISTRIBUCION DE ENERGIA ELECTRICA |x TRANSMISION DE POTENCIA |9 2874 | ||
| 700 | |a Peñaranda Contreras, Álvaro, 1956- |d Director de Proyecto Eléctrico |9 771 | ||
| 942 | |c TFG |h TFG 6229 |i 010059 |6 TFG_6229_010059000000000 | ||
| 999 | |c 15975 |d 15975 | ||
